| 000 | 01562cam a22002895a 4500 | ||
|---|---|---|---|
| 001 | L159527 | ||
| 002 | 20625 | ||
| 008 | 110728s2017 xxk f 001 0 eng d | ||
| 020 | _a9781783211982 | ||
| 035 | _a(Sirsi) u159527 | ||
| 041 | 0 | _aeng | |
| 050 | 0 | 4 | _a692.5 $2 18 |
| 110 | 2 |
_aBuilding Cost Information Service _91096 |
|
| 245 | 0 | 0 |
_aBCIS Dilapidations price book _v2018 |
| 250 | _a7th ed. | ||
| 260 |
_aLondon _bBCIS _c2017 |
||
| 300 |
_a296p. _c21cm. |
||
| 350 | _a205 | ||
| 505 | 2 | _aPart 1: introduction to the price book -- Part 2 - Guidance on using the price book -- Part 3: measured rates -- Part 4: supplementary pricing information -- Index | |
| 520 | _aProvides cost data for dilapidations schedules for both residential and non-residential buildings. Aims to save time and minimise disputes associated with costing schedules of dilapidations. Helps in the application of the BCIS Building Maintenance Price Book, and other estimating price books. Provides supplementary pricing information to help practitioners where changes are needed to reflect local market conditions. The data contained in the price book relates primarily to items of removal, repair, cleaning, reinstatement, new building works or decoration for residential, commercial and industrial property. It is set out in accordance with the RICS New rules of measurement. | ||
| 521 | _aAdvanced | ||
| 590 | _aKA | ||
| 651 | 4 |
_aUnited Kingdom _y |
|
| 690 | _aBUILT ENVIRONMENT-BUILDING SURVEYING-DILAPIDATIONS SURVEYING | ||
| 690 |
_aDilapidations _96235 |
||
| 942 | _n0 | ||
| 999 |
_c115975 _d115975 |
||